| Tag |
First Indicator |
Second Indicator |
Subfields |
| LEADER |
00000cam a2200000Mi 4500 |
| 001 |
in00005479219 |
| 006 |
m o d |
| 007 |
cr ||||||||||| |
| 008 |
190516s1848 stk o 000 0 eng d |
| 005 |
20240917160335.1 |
| 035 |
|
|
|a (OCoLC)on1149267522
|
| 040 |
|
|
|a UKAMD
|b eng
|e rda
|e pn
|c UKAMD
|d OCLCF
|d OCLCO
|
| 035 |
|
|
|a (OCoLC)1149267522
|
| 050 |
|
4 |
|a BV2570.A2
|
| 082 |
0 |
4 |
|a 266.523405
|2 23
|
| 049 |
|
|
|a TXAM
|
| 245 |
0 |
4 |
|a The home and foreign missionary record for the Free Church of Scotland :
|b by authority of the Board of Missions and Education.
|n Vol. III,
|f May-Dec 1848.
|
| 264 |
|
1 |
|a Edinburgh :
|b [publisher not identified],
|c 1848.
|
| 300 |
|
|
|a 1 online resource (1 volume (382-582 pages)).
|
| 336 |
|
|
|a text
|b txt
|2 rdacontent
|
| 337 |
|
|
|a computer
|b c
|2 rdamedia
|
| 338 |
|
|
|a online resource
|b cr
|2 rdacarrier
|
| 490 |
1 |
|
|a AM Scholar: Missionary Studies.
|
| 500 |
|
|
|a "Collection: Scottish Missionary Archives"--Home page.
|
| 500 |
|
|
|a "Original microfilm part: Part 6: Free Church of Scotland Missionary Record, United Free Church Reports and other Records"--Home page.
|
| 500 |
|
|
|a "Original microfilm reel: 1"--Home page.
|
| 535 |
1 |
|
|a Centre for the Study of World Christianity, New College, University of Edinburgh
|
| 542 |
|
|
|f Centre for the Study of World Christianity, New College, University of Edinburgh.
|
| 588 |
|
|
|a Description based on online resource; title from scanned document's title page (viewed on May 16, 2019).
|
| 610 |
2 |
0 |
|a Free Church of Scotland
|x Missions
|v Periodicals.
|
| 610 |
2 |
0 |
|a Free Church of Scotland
|x Finance
|v Periodicals.
|
| 610 |
2 |
7 |
|a Free Church of Scotland
|2 fast
|
| 650 |
|
0 |
|a Missions, Scottish
|v Periodicals.
|
| 650 |
|
0 |
|a Missions, Scottish
|x Finance
|v Periodicals.
|
| 650 |
|
6 |
|a Missions écossaises
|v Périodiques.
|
| 650 |
|
6 |
|a Missions écossaises
|x Finances
|v Périodiques.
|
| 650 |
|
7 |
|a Finance
|2 fast
|
| 650 |
|
7 |
|a Missions
|2 fast
|
| 650 |
|
7 |
|a Missions, Scottish
|2 fast
|
| 655 |
|
7 |
|a Electronic books.
|2 local
|
| 655 |
|
7 |
|a Periodicals
|2 fast
|
| 710 |
2 |
|
|a Adam Matthew Digital (Firm),
|e digitiser.
|
| 830 |
|
0 |
|a AM Scholar: Missionary Studies.
|
| 856 |
4 |
0 |
|u http://proxy.library.tamu.edu/login?url=https://www.amscholar.amdigital.co.uk/Documents/Details/SMA_Part6_Reel1_Vol2
|z Connect to the full text of this electronic book
|t 0
|
| 955 |
|
|
|a Adam Matthew Scholar Missionary Studies
|
| 994 |
|
|
|a 92
|b TXA
|
| 999 |
f |
f |
|s 6f58ca30-eadb-4576-a15f-0510fa588b9b
|i 0786f880-cd1f-4d08-811a-dfcbd74a9624
|t 0
|
| 952 |
f |
f |
|a Texas A&M University
|b College Station
|c Electronic Resources
|d Available Online
|t 0
|e BV2570.A2
|h Library of Congress classification
|
| 998 |
f |
f |
|a BV2570.A2
|t 0
|l Available Online
|